000 00763cam a2200205 i 4500
005 20260129112319.0
008 250721s1998 ua gr 000 0 ara d
082 1 4 _a372.4
_bع ج ا
100 1 _aعجاج، خيري المغازي
_eمعد.
245 1 0 _aصعوبات القراءة والفهم القرائي :
_bالتشخيص والعلاج /
_cاعداد د/ خيري المغازى عجاج.
250 _aالطبعة الأولى.
264 3 1 _aالقاهرة :
_bزهراء الشرق،
_c1998.
300 _a256 صفحة.
490 0 _aصعوبات التعلم ؛
_vرقم 1.
650 1 7 _aعسر القراءة.
650 1 7 _aتعليم القراءة.
650 1 7 _aالتربية.
942 _2ddc
_cBK
999 _c1457
_d1457